Central Library OPAC University of Rajshahi

Our knowledge of God / (Record no. 32148)

MARC details
000 -LEADER
fixed length control field 00726cam a22002531 4500
001 - CONTROL NUMBER
control field 32148
003 - CONTROL NUMBER IDENTIFIER
rucl marc code BD-RjUL
005 - DATE AND TIME OF LATEST TRANSACTION
control field 20211209051808.0
008 - FIXED-LENGTH DATA ELEMENTS--GENERAL INFORMATION
fixed length control field 140424r19631939enk 001 0 eng d
035 ## - SYSTEM CONTROL NUMBER
System control number (BD-RjUL)32237
System control number (OCoLC)7416296
040 ## - CATALOGING SOURCE
Original cataloging agency DLC
Transcribing agency TNJ
Modifying agency DLC
-- BD-RjUL
Language of cataloging eng
041 ## - LANGUAGE CODE
Language code of text/sound track or separate title eng
082 00 - DEWEY DECIMAL CLASSIFICATION NUMBER
Classification number 231
Author mark and year BAO 1963
100 1# - MAIN ENTRY--PERSONAL NAME
Personal name Baillie, John,
Dates associated with a name 1886-1960.
9 (RLIN) 3629
245 10 - TITLE STATEMENT
Title Our knowledge of God /
Statement of responsibility, etc. John Baillie.
260 ## - PUBLICATION, DISTRIBUTION, ETC. (IMPRINT)
Place of publication, distribution, etc. London :
Name of publisher, distributor, etc. Oxford university press,
Date of publication, distribution, etc. 1939 [Reprinted 1963]
300 ## - PHYSICAL DESCRIPTION
Pagination ix, 263, [1] p. ;
Size 23 cm.
504 ## - BIBLIOGRAPHY, ETC. NOTE
Bibliography, etc Includes Index
650 #0 - SUBJECT ADDED ENTRY--TOPICAL TERM
Topical term or geographic name as entry element God (Christianity)
General subdivision Knowableness.
9 (RLIN) 97840
942 ## - ADDED ENTRY ELEMENTS (KOHA)
Source of classification or shelving scheme Dewey Decimal Classification
Koha item type Books
Holdings
Lost status Source of classification or shelving scheme Damaged status Not for loan Collection code Permanent Location Current Location Shelving location Date acquired Source of acquisition Cost, normal purchase price Total Checkouts Full call number Date last seen Copy number Koha item type
  Dewey Decimal Classification   Not For Loan Non-fiction Central Library, University of Rajshahi Central Library, University of Rajshahi Reading Room 04/05/1968 Zitlinger 7.60   231 BAO 1963 24/04/2014 C-1 Books